000 00670nam a2200229 i 4500
001 126834
003 ES-MaACL
005 20250905063047.0
007 t|
008 070214s1922 sp r ||||1| spa d
100 1 _aRey, Abel,
_d1873-1940
_996481
245 1 0 _aLógica /
_cAbel Rey ; traducción de Julián Besteiro.
250 _a4ª. ed.
260 _aMadrid :
_bLa Lectura,
_c1922.
300 _a480 p. ;
_c19 cm.
490 1 _aCiencia y Educación
650 4 _aLógica.
_914693
700 1 _aBesteiro, Julián,
_d1870-1940
_928619
830 0 0 _aCiencia y educación (La Lectura)
_9181469
852 _aES-MaACL
_jB-6421
999 _c126834
_d126834